[Event "17th Asian Cities"]
[Site "Jakarta INA"]
[Date "2011.04.26"]
[Round "6.2"]
[White "Golizadeh, Asghar"]
[Black "Kuderinov, Kirill"]
[Result "0-1"]
[WhiteTitle "IM"]
[BlackTitle "IM"]
[WhiteElo "2492"]
[BlackElo "2480"]
[WhiteTeam "Tehran"]
[BlackTeam "Astana"]
[WhiteFideId "12505269"]
[BlackFideId "13701568"]
[EventDate "2011.04.22"]

1. e4 e5 2. Nf3 Nc6 3. Bc4 Nf6 4. O-O Be7 5. Re1 d6 6. c3 O-O 7. Bb3 Bg4 8. h3
Bh5 9. d3 Nd7 10. Be3 Bxf3 11. Qxf3 Bg5 12. Nd2 Bxe3 13. Qxe3 Nc5 14. Bd5 Ne6
15. g3 Qd7 16. f4 exf4 17. gxf4 Ne7 18. Bb3 Nc5 19. Bc2 f5 20. e5 Ng6 21. e6 Qe7
22. b4 Na6 23. Nf3 c6 24. Bb3 Nc7 25. h4 Rf6 26. Re2 d5 27. h5 Rxe6 28. Ne5 Nxe5
29. fxe5 Rh6 30. Rh2 f4 31. Qxf4 Rf8 32. Qe3 Rf5 33. Re1 Ne6 34. Bd1 Nf4 35. Kh1
Nxh5 36. Rg1 Kh8 37. d4 Nf4 38. Rxh6 gxh6 39. Qg3 Ng6 40. Bg4 Rf4 41. Bh3 Rh4
42. Kh2 Rh5 43. Rf1 Rg5 44. Qf3 Kg7 45. e6 Qd6+ 46. Kh1 h5 47. Qf6+ Kh6 48. Rf3
Rg3 49. Bg2 h4 50. Bh3 Rxf3 51. Qxf3 Qg3 52. Qf1 Qe3 53. Bf5 Nf4 54. e7 Nh5 55.
e8=Q Ng3+ 56. Kg2 Nxf1 57. Qf8+ Kg5 58. Qg7+ Kxf5 59. Qxh7+ Kg4 60. Qd7+ Kg5 61.
Qg7+ Kh5 62. Qf7+ Kg5 63. Qg7+ Kf5 64. Qf7+ Ke4 65. Qg6+ Kf4 66. Qf6+ Kg4 67.
Qg6+ Qg5 68. Qe6+ Qf5 69. Qe2+ Kg5 70. Qe7+ Qf6 71. Qe8 h3+ 72. Kg1 h2+ 73. Kg2
h1=Q+ 74. Kxh1 Qf3+ 0-1

[Event "17th Asian Cities"]
[Site "Jakarta INA"]
[Date "2011.04.26"]
[Round "6.3"]
[White "Halay, Taufik"]
[Black "Megaranto, Susanto"]
[Result "1/2-1/2"]
[WhiteTitle "IM"]
[BlackTitle "GM"]
[WhiteElo "2346"]
[BlackElo "2533"]
[WhiteTeam "Palembang"]
[BlackTeam "Jakarta"]
[WhiteFideId "7101392"]
[BlackFideId "7101384"]
[EventDate "2011.04.22"]

1. d4 d6 2. Nf3 Bg4 3. c4 c6 4. Nbd2 Nd7 5. e3 Ngf6 6. Be2 d5 7. O-O e6 8. Qc2
Bd6 9. b3 O-O 10. Bb2 Re8 11. Rfe1 Qc7 12. h3 Bh5 13. e4 dxe4 14. Nxe4 Nxe4 15.
Qxe4 Bg6 16. Qe3 Rad8 17. Bd3 Bxd3 18. Qxd3 Be7 19. Qc2 Bf6 20. Rad1 c5 21. dxc5
Bxb2 22. Qxb2 Nxc5 23. Qc2 Rxd1 24. Rxd1 Rd8 25. b4 Rxd1+ 26. Qxd1 Nd7 27. Qd4
b6 28. a3 h6 29. Kf1 Kf8 30. Ke2 Ke7 31. Kd3 1/2-1/2

[Event "17th Asian Cities"]
[Site "Jakarta INA"]
[Date "2011.04.26"]
[Round "6.3"]
[White "Kaisar, Jenius Hakiki"]
[Black "Novita, Anjas"]
[Result "1-0"]
[BlackTitle "FM"]
[WhiteElo "2251"]
[BlackElo "2344"]
[WhiteTeam "Palembang"]
[BlackTeam "Jakarta"]
[WhiteFideId "7102097"]
[BlackFideId "7100949"]
[EventDate "2011.04.22"]

1. e4 c5 2. Nf3 d6 3. d4 cxd4 4. Nxd4 Nf6 5. f3 e6 6. c4 Be7 7. Nc3 O-O 8. Be3
b6 9. Be2 Bb7 10. O-O Nc6 11. Rc1 Rc8 12. Qd2 Rc7 13. Rfd1 Rd7 14. Kh1 Qa8 15.
a3 Rfd8 16. Ncb5 Ne5 17. b4 Nc6 18. a4 Rc8 19. Nb3 h5 20. a5 a6 21. N5d4 bxa5
22. Nxa5 h4 23. Nxb7 Qxb7 24. h3 Nh5 25. Kg1 Ng3 26. Bd3 Ne5 27. b5 Rdc7 28.
bxa6 Qxa6 29. Ra1 Qb7 30. Rdb1 Ra8 31. Rxb7 Rxa1+ 32. Rb1 Nxc4 33. Rxa1 Nxd2 34.
Bxd2 g6 35. Ra8+ Kg7 36. Nb5 Rc5 37. Kf2 d5 38. Be3 dxe4 39. fxe4 Nxe4+ 40. Kf3
Ng5+ 41. Ke2 Re5 42. Kf2 Rd5 43. Ra7 Bf6 44. Nc7 Rxd3 45. Ne8+ Kh8 46. Nxf6 Nh7
47. Rxf7 Nxf6 48. Rxf6 Kg7 49. Rxe6 1-0

[Event "17th Asian Cities"]
[Site "Jakarta INA"]
[Date "2011.04.26"]
[Round "6.4"]
[White "So, Wesley"]
[Black "Nyi Nyi Lwin"]
[Result "1-0"]
[WhiteTitle "GM"]
[WhiteElo "2667"]
[BlackElo "2219"]
[WhiteTeam "Tagaytay"]
[BlackTeam "Yangon"]
[WhiteFideId "5202213"]
[BlackFideId "13002481"]
[EventDate "2011.04.22"]

1. d4 Nf6 2. c4 e6 3. Nf3 d5 4. Nc3 Bb4 5. Bg5 c6 6. Qb3 Ba5 7. e3 Nbd7 8. Bd3
Qb6 9. Qc2 dxc4 10. Bxc4 Qb4 11. Bd3 Nd5 12. O-O Nxc3 13. a3 Qd6 14. bxc3 h6 15.
Bh4 O-O 16. Nd2 Qd5 17. Bg3 Qh5 18. Nc4 Bd8 19. Bd6 Re8 20. f4 Be7 21. Bxe7 Rxe7
22. e4 Nb6 23. Nd6 Qa5 24. e5 Nd5 25. Rf3 b5 26. Raf1 f5 27. exf6 Nxf6 28. Qb3
Qc7 29. Ne4 Nd5 30. Bb1 Rf7 31. Qc2 Kf8 32. Nc5 Nf6 33. Ba2 Qd6 34. Re3 Nd5 35.
Bxd5 Qxd5 36. Qh7 Qf5 37. Nxe6+ Bxe6 38. Qh8+ Ke7 39. Qxa8 1-0

[Event "17th Asian Cities"]
[Site "Jakarta INA"]
[Date "2011.04.26"]
[Round "6.4"]
[White "Kyaw Lin Naing"]
[Black "Antonio, Rogelio Jr"]
[Result "0-1"]
[WhiteTitle "FM"]
[BlackTitle "GM"]
[WhiteElo "2229"]
[BlackElo "2589"]
[WhiteTeam "Yangon"]
[BlackTeam "Tagaytay"]
[WhiteFideId "13002953"]
[BlackFideId "5200032"]
[EventDate "2011.04.22"]

1. e4 c6 2. d4 d5 3. exd5 cxd5 4. Bd3 Nc6 5. c3 Qc7 6. Ne2 e6 7. Bf4 Bd6 8. Bxd6
Qxd6 9. O-O Nf6 10. Nd2 O-O 11. Ng3 Rb8 12. Qe2 e5 13. dxe5 Nxe5 14. Nb3 Re8 15.
Qd2 Bd7 16. Rfe1 g6 17. Bf1 h5 18. Ne4 Nxe4 19. Rxe4 Ng4 20. Qf4 Qxf4 21. Rxf4
Re4 22. Rxe4 dxe4 23. Rd1 Bc6 24. h3 Ne5 25. Na5 Be8 26. Rd5 Nc6 27. Nxc6 Bxc6
28. Rd6 Kf8 29. Bc4 Ke7 30. Rd4 h4 31. Kf1 g5 32. Bd5 f5 33. Bxc6 bxc6 34. b4
Rb5 35. Ke2 Re5 36. f3 exf3+ 37. Kxf3 c5 38. Rc4 Kd6 39. b5 Kd5 40. Ra4 Re7 41.
Kf2 f4 42. a3 c4 43. Ra6 Re3 44. Rxa7 Rxc3 45. a4 Rb3 46. Rc7 Rb4 47. Kf3 Rxa4
48. Kg4 Rb4 49. b6 Rxb6 50. Kxg5 Rc6 51. Rd7+ Ke4 52. Re7+ Kd3 53. Kxf4 c3 54.
g4 c2 55. Re1 c1=Q+ 56. Rxc1 Rxc1 57. Kg5 Ke4 58. Kxh4 Kf4 59. Kh5 Rc5+ 60. Kh6
Rc3 0-1

[Event "17th Asian Cities"]
[Site "Jakarta INA"]
[Date "2011.04.26"]
[Round "6.4"]
[White "Gomez, John Paul"]
[Black "Wynn Zaw Htun"]
[Result "1-0"]
[WhiteTitle "GM"]
[BlackTitle "IM"]
[WhiteElo "2538"]
[BlackElo "2382"]
[WhiteTeam "Tagaytay"]
[BlackTeam "Yangon"]
[WhiteFideId "5201381"]
[BlackFideId "13002783"]
[EventDate "2011.04.22"]

1. e4 c5 2. Nf3 d6 3. d4 cxd4 4. Nxd4 Nf6 5. Nc3 a6 6. Bg5 e6 7. f4 Qc7 8. Qf3
b5 9. Bxf6 gxf6 10. O-O-O b4 11. Nce2 Bb7 12. Ng3 Nd7 13. Qh5 Rc8 14. Rd2 Nc5
15. f5 b3 16. Nxb3 Nxb3+ 17. axb3 Qa5 18. c3 e5 19. Bc4 Rxc4 20. bxc4 Rg8 21.
Qh4 Rg5 22. Kb1 Qa4 23. Re1 Qxc4 24. Qxh7 Rxg3 25. hxg3 Bxe4+ 26. Kc1 Qa4 27.
Rxe4 Qxe4 28. Qh4 Qxf5 29. Qa4+ Qd7 30. Qxd7+ Kxd7 31. Rf2 Be7 32. Kc2 d5 33. b4
Bd8 34. Kb3 Kc6 35. Ra2 Kb5 36. Rd2 Kc6 37. Ka4 Bb6 38. Rd1 e4 39. Rf1 Bd8 40.
g4 d4 41. cxd4 Kd5 42. Kb3 e3 43. Re1 Ke4 44. Kc4 Bb6 45. d5 Bc7 46. Kc5 Bg3 47.
Ra1 e2 48. d6 f5 49. d7 Bh4 50. gxf5 Kxf5 51. Kc6 Kf4 52. Kb7 f5 53. Kxa6 Kg3
54. b5 Kxg2 55. b6 f4 56. b7 f3 57. b8=Q 1-0

[Event "17th Asian Cities"]
[Site "Jakarta INA"]
[Date "2011.04.26"]
[Round "6.4"]
[White "Sie Thu"]
[Black "Laylo, Darwin"]
[Result "0-1"]
[BlackTitle "GM"]
[WhiteElo "2237"]
[BlackElo "2516"]
[WhiteTeam "Yangon"]
[BlackTeam "Tagaytay"]
[WhiteFideId "13002767"]
[BlackFideId "5201330"]
[EventDate "2011.04.22"]

1. e4 d5 2. exd5 Nf6 3. d4 Qxd5 4. Nf3 Bg4 5. Be2 Nc6 6. Be3 O-O-O 7. Nbd2 Qf5
8. c4 e5 9. d5 Nb4 10. Rc1 e4 11. Nd4 Qg6 12. Qa4 Bxe2 13. Kxe2 a6 14. h3 Nd3
15. Nc6 Rd7 16. Na7+ Kd8 17. Qb3 Bb4 18. a3 Qh5+ 19. f3 Re8 20. axb4 exf3+ 21.
Nxf3 Rxe3+ 22. Kxe3 Nxc1 23. Qd1 Qh6+ 24. Kf2 Ne4+ 0-1

[Event "17th Asian Cities"]
[Site "Jakarta INA"]
[Date "2011.04.26"]
[Round "6.5"]
[White "Thejkumar, M. S."]
[Black "Pourkashiyan, Atousa"]
[Result "1/2-1/2"]
[WhiteTitle "IM"]
[BlackTitle "WGM"]
[WhiteElo "2458"]
[BlackElo "2371"]
[WhiteTeam "Bangalore"]
[BlackTeam "Mashhad"]
[WhiteFideId "5009154"]
[BlackFideId "12502014"]
[EventDate "2011.04.22"]

1. d4 Nf6 2. Nf3 d5 3. c4 e6 4. Nc3 Nbd7 5. cxd5 exd5 6. Bf4 c6 7. h3 Bb4 8. Qb3
Qa5 9. e3 c5 10. a3 Ne4 11. Rc1 Bxc3+ 12. bxc3 c4 13. Qb4 Qxb4 14. axb4 a5 15.
b5 a4 16. Nd2 Nxd2 17. Kxd2 Nf6 18. f3 Bd7 19. Rb1 a3 20. Be2 O-O 21. Ra1 Ra5
22. Ra2 Rxb5 23. Rha1 Ra8 24. Rxa3 Rxa3 25. Rxa3 Rb2+ 26. Ke1 h6 27. g4 b5 28.
Be5 b4 29. cxb4 Rxb4 30. Ra2 Rb1+ 31. Kd2 Rh1 32. Ra8+ Kh7 33. Ra7 Be6 34. Bd1
c3+ 35. Ke2 Nd7 36. Bc2+ g6 37. f4 Nxe5 38. dxe5 Rh2+ 39. Kd3 Rxh3 40. Kxc3
Rxe3+ 41. Kd2 Rf3 42. f5 Rf2+ 43. Ke3 Rxc2 44. fxe6 Rc6 45. Rxf7+ Kg8 46. Rf6
Kg7 47. Kd4 Rc7 48. Rf1 Ra7 49. Rc1 Kf8 50. Rf1+ Ke8 51. Rh1 Ra4+ 52. Kxd5 Rxg4
53. Rxh6 Rg1 54. Rh8+ Ke7 55. Rh7+ Ke8 56. e7 Ra1 57. Rg7 Ra6 58. e6 Ra5+ 59.
Kd6 Ra6+ 60. Ke5 Ra1 61. Rxg6 Re1+ 62. Kf5 Rf1+ 63. Ke5 1/2-1/2

[Event "17th Asian Cities"]
[Site "Jakarta INA"]
[Date "2011.04.26"]
[Round "6.5"]
[White "Ghader Pour, Shayesteh"]
[Black "Stany, G.A."]
[Result "0-1"]
[WhiteTitle "WIM"]
[WhiteElo "2241"]
[BlackElo "2407"]
[WhiteTeam "Mashhad"]
[BlackTeam "Bangalore"]
[WhiteFideId "12500747"]
[BlackFideId "5029104"]
[EventDate "2011.04.22"]

1. e4 c5 2. Nf3 Nc6 3. d4 cxd4 4. Nxd4 Nf6 5. Nc3 e5 6. Ndb5 d6 7. Bg5 a6 8. Na3
b5 9. Nd5 Be7 10. Bxf6 Bxf6 11. c4 b4 12. Nc2 Rb8 13. Be2 O-O 14. O-O Bg5 15.
Qd3 Be6 16. Rfd1 a5 17. b3 g6 18. Bf3 Qd7 19. Qe2 Qa7 20. Rd3 Rfd8 21. Rad1 Rd7
22. Nde3 Rbd8 23. Bg4 h5 24. Bf3 Ne7 25. g3 Qc5 26. h4 Bh6 27. Bg2 a4 28. Ne1
Nc6 29. Nd5 Kg7 30. Nc2 Ra8 31. Kh2 axb3 32. axb3 Ra2 33. f4 Rda7 34. R3d2 exf4
35. Nxf4 Bg4 36. Bf3 Ne5 37. Ne1 Bxf3 38. Nxf3 Ng4+ 39. Kh3 Nf2+ 40. Kg2 Nxd1
41. Rxa2 Ne3+ 42. Kh1 Rxa2 43. Qxa2 Bxf4 44. gxf4 Qc8 45. Ng5 Qb7 46. Qb2+ Kg8
47. Kg1 Qb6 48. Qf2 Qd4 49. Qa2 Nxc4+ 50. Kg2 Qd2+ 51. Qxd2 Nxd2 52. e5 dxe5 53.
fxe5 Nxb3 54. e6 fxe6 55. Nxe6 Nd2 56. Nc5 b3 57. Nd3 Nc4 0-1

[Event "17th Asian Cities"]
[Site "Jakarta INA"]
[Date "2011.04.26"]
[Round "6.5"]
[White "Sanjay, N."]
[Black "Khademalsharieh, Sarasadat"]
[Result "1-0"]
[BlackTitle "WFM"]
[WhiteElo "2335"]
[BlackElo "2137"]
[WhiteTeam "Bangalore"]
[BlackTeam "Mashhad"]
[WhiteFideId "5003075"]
[BlackFideId "12512214"]
[EventDate "2011.04.22"]

1. Nf3 Nf6 2. c4 e6 3. Nc3 Bb4 4. g3 O-O 5. Bg2 d5 6. Qb3 c5 7. a3 Bxc3 8. Qxc3
d4 9. Qc2 Nc6 10. d3 e5 11. O-O Qc7 12. Bg5 Ne8 13. Bd2 a5 14. b4 axb4 15. axb4
Rxa1 16. Rxa1 cxb4 17. Qb2 Qd6 18. Rb1 e4 19. dxe4 Qe6 20. Nxd4 Qxc4 21. Nxc6
bxc6 22. Bxb4 c5 23. Ba3 Nf6 24. Rc1 Qe6 25. e5 Nd7 26. Bxc5 Nxc5 27. Rxc5 Rd8
28. Rc1 Ba6 29. h3 Bc4 30. Kh2 Qa6 31. Bf3 Be6 32. Rc6 Qa5 33. Qb6 Qxb6 34. Rxb6
g6 35. Kg2 Rd2 36. h4 h5 37. e3 Rc2 38. Rb5 Kg7 39. Bd5 Bxd5+ 40. Rxd5 Kf8 41.
Rd7 Rb2 42. Kf3 Ra2 43. e4 Rb2 44. Ke3 Ke8 45. e6 1-0

[Event "17th Asian Cities"]
[Site "Jakarta INA"]
[Date "2011.04.26"]
[Round "6.5"]
[White "Khalaji, Hanieh"]
[Black "Sriram, Sarja"]
[Result "0-1"]
[WhiteElo "1967"]
[BlackElo "2219"]
[WhiteTeam "Mashhad"]
[BlackTeam "Bangalore"]
[WhiteFideId "12506176"]
[BlackFideId "5014018"]
[EventDate "2011.04.22"]

1. e4 c5 2. Nf3 d6 3. d4 cxd4 4. Nxd4 Nf6 5. Nc3 a6 6. Be2 e5 7. Nb3 Be7 8. O-O
O-O 9. f4 exf4 10. Bxf4 Nc6 11. Kh1 Be6 12. Qe1 Ne8 13. Rd1 Qb6 14. Nd5 Bxd5 15.
exd5 Ne5 16. Bxe5 dxe5 17. Bd3 Bd6 18. Rf3 g6 19. c4 f5 20. c5 Bxc5 21. Qxe5 Nd6
22. Qe6+ Rf7 23. Qe1 Re8 24. Qg3 a5 25. Re1 Rfe7 26. Ref1 Re3 27. h4 a4 28. Nxc5
Qxc5 29. h5 Kg7 30. Qg5 Rxf3 31. Rxf3 Re1+ 32. Kh2 Nf7 33. h6+ Nxh6 34. Bxf5
Qxd5 35. Qg3 Re7 36. Bh3 Ng8 37. Rf4 Qe5 38. Rxa4 Qxb2 39. Ra8 Nf6 40. Qb8 Qe5+
41. Qxe5 Rxe5 42. Ra7 Kh6 43. Rxb7 Ra5 44. Be6 Kg5 45. Kg3 Ne4+ 46. Kh3 Nc5 47.
Rb6 Nxe6 48. Rxe6 Rxa2 49. Re4 h5 50. Rb4 Ra3+ 51. g3 Ra5 52. Rc4 Rd5 53. Ra4
Rd1 54. Rb4 Rd6 55. Ra4 Re6 56. Rb4 Kh6 57. Rb8 g5 58. Rh8+ Kg6 59. Rg8+ Kf5 60.
Rf8+ Ke4 61. Rh8 Kf3 62. Rxh5 Re1 63. Kh2 Re2+ 64. Kg1 Re1+ 65. Kh2 Kg4 66. Rh7
Re2+ 67. Kg1 Kxg3 68. Kf1 Ra2 69. Rb7 g4 70. Rb3+ Kh2 71. Rb7 Ra1+ 72. Ke2 g3
73. Rh7+ Kg2 74. Rh6 Ra2+ 75. Ke1 Kg1 76. Rg6 g2 77. Rg8 Ra5 78. Rh8 Re5+ 0-1

[Event "17th Asian Cities"]
[Site "Jakarta INA"]
[Date "2011.04.26"]
[Round "6.6"]
[White "Battulga, Namkhai"]
[Black "Yeap, Eng Chiam"]
[Result "1/2-1/2"]
[WhiteTitle "FM"]
[WhiteElo "2420"]
[BlackElo "2140"]
[WhiteTeam "Erdenet"]
[BlackTeam "Penang"]
[WhiteFideId "4900880"]
[BlackFideId "5702682"]
[EventDate "2011.04.22"]

1. e4 c5 2. Nf3 Nc6 3. d4 cxd4 4. Nxd4 e5 5. Nb5 a6 6. Nd6+ Bxd6 7. Qxd6 Qf6 8.
Qd1 Qg6 9. Nc3 Nge7 10. Be3 d5 11. Nxd5 Nxd5 12. Qxd5 Be6 13. Qd2 Qxe4 14. f3
Qh4+ 15. Bf2 Qe7 16. Bd3 O-O 17. a3 Rfd8 18. Bb6 Rd7 19. Qe3 Qh4+ 20. Qf2 Qf6
21. O-O Rc8 22. Be3 Nd4 23. f4 exf4 24. Bxf4 Bf5 25. Rae1 Bxd3 26. cxd3 Ne6 27.
Qb6 Qd4+ 28. Be3 Qxb6 29. Bxb6 Rxd3 30. Rc1 Rxc1 31. Rxc1 h6 32. Rc8+ Kh7 33.
Ba5 Kg6 34. Rb8 Rd7 35. Bc3 Kf5 36. Kf2 Ke4 37. Rg8 g6 38. Re8 Kd3 39. Kf3 h5
40. Be5 Rd5 41. Bc3 Rf5+ 42. Kg3 Ke3 43. Re7 Rg5+ 44. Kh3 Rf5 45. Kg3 b5 46. h3
Ke2 47. Ra7 Kf1 48. Rd7 Ke2 49. Rd6 Nc5 50. Kh2 Ne4 51. Rxa6 Kf1 52. Bd4 Rg5 53.
g3 Rd5 54. Bc3 Rf5 55. Bd4 Rd5 56. Bc3 Rf5 57. Bd4 Nd2 58. g4 Nf3+ 59. Kh1 hxg4
60. hxg4 Rg5 61. Rf6 Ke2 62. Rf4 f5 63. Bf6 Rxg4 64. Rxg4 fxg4 65. Kg2 Nd2 66.
Be7 Kd3 67. Bb4 Ne4 68. b3 Kc2 69. a4 Kxb3 70. axb5 Kxb4 71. b6 Nc5 72. Kg3 Kb5
73. Kxg4 Kxb6 74. Kg5 1/2-1/2

[Event "17th Asian Cities"]
[Site "Jakarta INA"]
[Date "2011.04.26"]
[Round "6.7"]
[White "Lane, Gary W."]
[Black "Faisal, Abdulla"]
[Result "1/2-1/2"]
[WhiteTitle "IM"]
[WhiteElo "2366"]
[BlackElo "2275"]
[WhiteTeam "Sydney"]
[BlackTeam "Abu Dhabi"]
[WhiteFideId "3203301"]
[BlackFideId "9301232"]
[EventDate "2011.04.22"]

1. e4 c5 2. Nf3 e6 3. d4 cxd4 4. Nxd4 a6 5. Bd3 Qc7 6. O-O Nf6 7. Qe2 d6 8. c4
g6 9. Nc3 Bg7 10. Be3 O-O 11. Rac1 Nbd7 12. Rfd1 b6 13. f3 Bb7 14. Qf2 Rad8 15.
Bf1 Rfe8 16. b4 Qb8 17. Na4 Ba8 18. Nb3 d5 19. exd5 b5 20. Ba7 Qf4 21. g3 Qg5
22. Nb6 bxc4 23. Bxc4 Bxd5 24. Nxd5 Nxd5 25. Bxd5 exd5 26. Bd4 Nf6 27. Nc5 Rd6
28. a4 h5 29. h4 Qf5 1/2-1/2

[Event "17th Asian Cities"]
[Site "Jakarta INA"]
[Date "2011.04.26"]
[Round "6.7"]
[White "Zayed, Ali Al-hamed"]
[Black "Jones, Brian"]
[Result "0-1"]
[BlackTitle "FM"]
[WhiteElo "1928"]
[BlackElo "2046"]
[WhiteTeam "Abu Dhabi"]
[BlackTeam "Sydney"]
[WhiteFideId "9303340"]
[BlackFideId "3200663"]
[EventDate "2011.04.22"]

1. e4 c5 2. Nf3 Nc6 3. d4 cxd4 4. Nxd4 Nf6 5. Nc3 e5 6. Ndb5 d6 7. Bg5 a6 8. Na3
b5 9. Bxf6 gxf6 10. Nd5 Bg7 11. g3 O-O 12. Bg2 Ne7 13. Nxe7+ Qxe7 14. O-O Be6
15. c3 Rab8 16. Nc2 Rfc8 17. Ne3 b4 18. cxb4 Rxb4 19. b3 a5 20. Nf5 Bxf5 21.
exf5 Bh6 22. Qd3 Rd4 23. Qa6 Rc5 24. Rad1 Bd2 25. Be4 d5 26. Qe2 Rxe4 27. Qxd2
Qd7 28. Qd3 Qc8 29. Qf3 Rc3 30. Rd3 Rxd3 31. Qxd3 Rd4 32. Qb1 Qc3 33. Rc1 Qf3
34. Qc2 Kg7 35. Qc3 Rd1+ 0-1

[Event "17th Asian Cities"]
[Site "Jakarta INA"]
[Date "2011.04.26"]
[Round "6.8"]
[White "Al-Ali, Hussein Ali Hussein"]
[Black "Tsang, Hon Ki"]
[Result "1-0"]
[WhiteTitle "FM"]
[WhiteElo "2377"]
[BlackElo "2079"]
[WhiteTeam "Baghdad"]
[BlackTeam "Hongkong"]
[WhiteFideId "4800192"]
[BlackFideId "6000185"]
[EventDate "2011.04.22"]

1. e4 e5 2. Nf3 Nc6 3. Nc3 d6 4. d4 Bg4 5. Bb5 exd4 6. Qxd4 Bd7 7. Qe3 Nf6 8.
O-O Be7 9. h3 O-O 10. Rd1 Re8 11. Qd3 a6 12. Bxc6 Bxc6 13. Nd4 Qd7 14. Re1 b5
15. Qf3 Bb7 16. Bg5 b4 17. Nce2 Bxe4 18. Qf4 Bg6 19. Ng3 Nd5 20. Qd2 Bxg5 21.
Qxg5 Ne7 22. Qd2 a5 23. a3 c5 24. Nb3 a4 25. Nxc5 Qc7 26. Nd3 bxa3 27. Rxa3 Reb8
28. Nb4 Nc6 29. Nd5 Qa5 30. c3 Ne5 31. b4 Qa7 32. Ra2 f6 33. Rea1 Qd7 34. f4 Nd3
35. f5 Qa7+ 36. Kh2 Rb5 37. Qxd3 1-0

[Event "17th Asian Cities"]
[Site "Jakarta INA"]
[Date "2011.04.26"]
[Round "6.8"]
[White "Lee, T H Bryan"]
[Black "Ahmad, AzizJawad Obada"]
[Result "0-1"]
[BlackTitle "IM"]
[WhiteElo "1964"]
[BlackElo "2348"]
[WhiteTeam "Hongkong"]
[BlackTeam "Baghdad"]
[WhiteFideId "6000584"]
[BlackFideId "4800680"]
[EventDate "2011.04.22"]

1. e4 c5 2. Nf3 d6 3. d4 cxd4 4. Nxd4 Nf6 5. Nc3 Nc6 6. Bc4 e6 7. Be3 a6 8. Bb3
Be7 9. Qe2 Qc7 10. O-O-O Na5 11. g4 Nxb3+ 12. Nxb3 b5 13. a3 Bb7 14. f3 Rc8 15.
Bf4 Nd7 16. Kb1 Ne5 17. Rhe1 Nc4 18. Rd3 O-O 19. g5 Rfd8 20. h4 Qb6 21. Be3 Nxe3
22. Qxe3 Qxe3 23. Rexe3 Rd7 24. Re1 Rdc7 25. Re2 h6 26. f4 g6 27. Rg2 h5 28. Rf2
Bf8 29. Rfd2 Bg7 30. Nd4 Rc5 31. Nde2 Bf8 32. Re3 a5 33. Ng3 b4 34. axb4 axb4
35. Na4 Ra5 36. b3 Rca8 37. Rd4 d5 38. Kc1 Bc6 39. Re2 Bxa4 40. bxa4 Rxa4 41.
exd5 Bg7 42. Rd3 Bc3 0-1

[Event "17th Asian Cities"]
[Site "Jakarta INA"]
[Date "2011.04.26"]
[Round "6.8"]
[White "Ahmed, Abdul Sattar abdulwhhab"]
[Black "Tsao, Yui"]
[Result "1-0"]
[WhiteTitle "FM"]
[WhiteElo "2322"]
[BlackElo "1775"]
[WhiteTeam "Baghdad"]
[BlackTeam "Hongkong"]
[WhiteFideId "4801849"]
[BlackFideId "6001114"]
[EventDate "2011.04.22"]

1. e4 e6 2. d4 d5 3. Nc3 Nf6 4. Bg5 Be7 5. e5 Nfd7 6. Bxe7 Qxe7 7. f4 c5 8. Nb5
O-O 9. Nc7 cxd4 10. Nxa8 Qb4+ 11. Qd2 Qxb2 12. Rd1 Nc6 13. Nf3 Nc5 14. Bd3 Bd7
15. Nc7 Rc8 16. Nxd5 exd5 17. O-O Qxa2 18. Qe1 Nxd3 19. cxd3 b5 20. Qg3 b4 21.
Nh4 Qe2 22. Rfe1 Qg4 23. Qf2 a5 24. h3 Qh5 25. f5 Qh6 26. g4 b3 27. Qg3 Re8 28.
g5 Qh5 29. Ng2 h6 30. h4 hxg5 31. hxg5 Qh7 32. g6 fxg6 33. e6 Bc8 34. fxg6 Qh6
35. Nf4 Ne7 36. Re5 Nxg6 37. Nxg6 b2 38. Re2 Qc1 39. Rxb2 Qxb2 40. Qh4 1-0

[Event "17th Asian Cities"]
[Site "Jakarta INA"]
[Date "2011.04.26"]
[Round "6.9"]
[White "Saleh, Nagueb"]
[Black "Yee, Soon Wei"]
[Result "1-0"]
[BlackTitle "FM"]
[WhiteElo "2194"]
[BlackElo "2285"]
[WhiteTeam "Dubai"]
[BlackTeam "Bandar Seri Begawan"]
[WhiteFideId "9300058"]
[BlackFideId "10500553"]
[EventDate "2011.04.22"]

1. Nf3 Nf6 2. d4 d5 3. c4 c6 4. e3 e6 5. Bd3 Nbd7 6. O-O Bd6 7. Nbd2 O-O 8. e4
dxe4 9. Nxe4 Nxe4 10. Bxe4 h6 11. Bc2 e5 12. Re1 exd4 13. Qxd4 Bc5 14. Qf4 Qb6
15. Qg3 Nf6 16. b4 Qxb4 17. h3 Kh8 18. Qh4 Ng8 19. Rb1 Qc3 20. Re2 Be6 21. Ne5
Rae8 22. Rxb7 Qa1 23. Rb1 Qxa2 24. Bd3 Qa4 25. Bb2 Rd8 26. Bc2 Qa2 27. Nxc6 Rc8
28. Rxe6 Bxf2+ 29. Qxf2 fxe6 30. Qg3 Rf7 31. Qd3 Nf6 32. Ne5 Rb7 33. Ng6+ Kg8
34. Bxf6 Rxb1+ 35. Bxb1 Qxc4 36. Ne7+ Kf8 37. Nxc8 Qc1+ 38. Qf1 1-0

[Event "17th Asian Cities"]
[Site "Jakarta INA"]
[Date "2011.04.26"]
[Round "6.9"]
[White "Pg, L Wijaya Pg Hj Mohd Limbang"]
[Black "Al Razi, Naji Mohd Saeed"]
[Result "0-1"]
[WhiteElo "2301"]
[BlackElo "2209"]
[WhiteTeam "Bandar Seri Begawan"]
[BlackTeam "Dubai"]
[WhiteFideId "10500480"]
[BlackFideId "9300813"]
[EventDate "2011.04.22"]

1. e4 e6 2. d4 d5 3. exd5 exd5 4. Nf3 Bd6 5. Bd3 Ne7 6. O-O O-O 7. Nc3 c6 8. Kh1
Bf5 9. Bg5 Bxd3 10. Qxd3 Qc7 11. Bxe7 Qxe7 12. Qf5 g6 13. Qh3 Kg7 14. Rae1 Qd7
15. Qh4 Qf5 16. Re2 Nd7 17. Rfe1 Nf6 18. Nd1 h6 19. Ne3 Qf4 20. Qh3 Rae8 21. Qg3
Qxg3 22. hxg3 Ne4 23. Kg1 Re7 24. Ng4 Rfe8 25. Nge5 Bxe5 26. dxe5 f6 27. exf6+
Kxf6 28. Nh2 Nd6 0-1

[Event "17th Asian Cities"]
[Site "Jakarta INA"]
[Date "2011.04.26"]
[Round "6.9"]
[White "Sultan, Ibrahim"]
[Black "Munir, Azizi Bin Ahmad"]
[Result "1-0"]
[WhiteElo "1791"]
[BlackElo "1928"]
[WhiteTeam "Dubai"]
[BlackTeam "Bandar Seri Begawan"]
[WhiteFideId "9301143"]
[BlackFideId "10500057"]
[EventDate "2011.04.22"]

1. d4 d5 2. c4 c6 3. cxd5 cxd5 4. Nc3 Nf6 5. Nf3 Nc6 6. Bf4 Bf5 7. e3 e6 8. Bb5
Bd6 9. Qa4 O-O 10. Bxc6 bxc6 11. Qxc6 Bxf4 12. exf4 Qb8 13. O-O Bd3 14. Rfc1
Qxf4 15. b3 Be4 16. Ne2 Qb8 17. Ne5 h6 18. Qa6 Rc8 19. Nc6 Rxc6 20. Rxc6 Nd7 21.
Rac1 Qb4 22. Rc8+ Rxc8 23. Qxc8+ Nf8 24. Qc3 Qa3 25. Qd2 Qa6 26. Nc3 Bg6 27. Na4
Nd7 28. Nc5 Qd6 29. a4 Nf6 30. f3 e5 31. b4 e4 32. fxe4 Nxe4 33. Nxe4 Bxe4 34.
b5 f5 35. a5 Qb8 36. Qb2 f4 37. b6 1-0